000 00736nam a2200241Ia 4500
003 OSt
005 20220925235327.0
006 a|||||r|||| 00| 0
007 ta
008 220923b |||||||| |||| 00| 0 eng d
020 _a9788189524852
_c50
037 _b874, 12/03/2013, Pranami Book Service
_cGeneral Book
040 _aRTL
_cRTL
_beng
041 _2eng
_aeng
082 _aY9(W).1.P, Q3
100 _aALOYSIUS G.
_914271
245 0 _aConceptualising the region
260 _a New Delhi
_bCritical Quest
_c2013
300 _a71p Bibliography: P 60-71
_ccm.
650 _aSociology
942 _hY9(W).1.P, Q3
_cGB
_2CC
999 _c597153
_d597153